000 00699nam a2200229Ia 4500
003 GCL
008 140319s9999 xx 000 0 ara d
040 _aGCL /
_cGCL
082 0 4 _a811.01
_bك ا
100 1 _aكريم عاصى
245 1 0 _aاجمل قصائد الحب والغزل فى الادب العربى /
_cكريم عاصى
260 _a[S.N] :
_bدار الفكر اللبنانى ،
_c1992
300 _a128 ص
490 _a
650 0 4 _aالشعر العربى
650 0 4 _aالادب العربى
650 0 4 _aالعصر الجاهلى
650 0 4 _aالشعر الغزلى
650 0 4 _aدواوين وقصائد
650 0 4 _aالمجموعات
942 _2ddc
_cBK
999 _c28620
_d28620